Bài tập thiên văn

Trình bày tóm tắt kiến thức và bài tập về quá trình phát hiện cấu trúc hệ mặt trời, quy luật chuyển động của các thiên thể, thiên cầu - nhật động của các thiên thể, thời gian, lịch... và một số đáp số, hướng dẫn, bài giải

Đã lưu trong:
书目详细资料
主要作者: Phạm Viết Trinh
其他作者: Phan Văn Đồng, Lê Phước Lộc
格式: 图书
语言:Vietnamese
出版: H. Giáo dục 2010
版:Tái bản lần thứ 4
主题:
标签: 添加标签
没有标签, 成为第一个标记此记录!
Thư viện lưu trữ: Mạng thư viện Đại học Đà Nẵng
LEADER 01503aam a22003738a 4500
001 000016469
003 12871
005 20121105091134.0
008 121105s2010 viesd
020 |c 14500đ  |d 1000b 
041 0 |a vie 
082 1 4 |2 14  |a 520.76  |b PH-T 
100 1 |a Phạm Viết Trinh 
245 1 0 |a Bài tập thiên văn  |c Phạm Viết Trinh (ch.b.), Phan Văn Đồng, Lê Phước Lộc 
250 |a Tái bản lần thứ 4 
260 |a H.  |b Giáo dục  |c 2010 
300 |a 159tr.  |b hình vẽ, bảng  |c 21cm 
504 |a Phụ lục: tr. 127-157 
520 |a Trình bày tóm tắt kiến thức và bài tập về quá trình phát hiện cấu trúc hệ mặt trời, quy luật chuyển động của các thiên thể, thiên cầu - nhật động của các thiên thể, thời gian, lịch... và một số đáp số, hướng dẫn, bài giải 
650 7 |2 Bộ TK TVQG  |a Thiên văn 
650 7 |2 Bộ TK TVQG 
653 |a Bài tập 
700 1 |a Phan Văn Đồng 
700 1 |a Lê Phước Lộc 
OWN |a LSP 
AVA |a UDN50  |b LSP  |d 520.76 PH-T  |e check_holdings  |t Error 5003 Not defined in file expand_doc_bib_avail.  |h N  |k 1 
999 |a From the UDN01 
AVA |a UDN50  |b LSP  |d 520.76 PH-T  |e available  |t Error 5001 Not defined in file expand_doc_bib_avail.  |f 20  |g 0  |h N  |i 1  |k 1 
TYP |a Monograph 
TYP |a Printed language 
980 |a Mạng thư viện Đại học Đà Nẵng